=LDR 00000nam 2200000 4500 =001 INLIS000000000017751 =005 20130612112954 =008 ***********************************Ind** =035 ##$$0010-061300000017751 =041 ##$$a Ind =082 ##$$a 611.8 =090 ##$$a 611.8, Sne n =100 ##$$a Snell, Richard S =245 ##$$a Neuronatomi klinik (clinical neuroanatomy for medical students, Richard S. Snell =260 ##$$a 1996 $b Jakarta =300 ##$$a xviii, 572 hlm, ilus, 25 cm =650 ##$$a Anatomi urat saraf =850 ##$$a NBPNMAT